Ryan Fitzpatrick Touchdown Passes - Statistics

General Stats
  • This quiz has been taken 2 times
  • The average score is 29 of 62
Answer Stats
Hint Answer % Correct
WR (2) Andre Johnson
100%
WR (4) Chad Johnson
100%
RB (3) Chris Johnson
100%
WR Damarius Johnson
100%
WR (23) Stevie Johnson
100%
WR (2) Adam Humphries
50%
WR Albert Wilson
50%
RB Alfred Blue
50%
RB (4) Arian Foster
50%
RB (3) Bilal Powell
50%
WR (3) Brad Smith
50%
WR (17) Brandon Marshall
50%
TE (2) Cameron Brate
50%
RB Charles Sims
50%
WR (3) Chris Godwin
50%
RB Chris Ivory
50%
DL Christian Wilkins
50%
RB (5) C.J. Spiller
50%
TE David Martin
50%
WR (8) David Nelson
50%
WR (6) Deandre Hopkins
50%
TE (3) Delanie Walker
50%
WR (5) Desean Jackson
50%
WR (10) DeVante Parker
50%
WR Devin Smith
50%
WR (6) Donald Jones
50%
TE Durham Smythe
50%
WR (13) Eric Decker
50%
RB (4) Fred Jackson
50%
WR Glenn Holt
50%
WR Isaac Bruce
50%
WR (2) Jalin Marshall
50%
WR (2) Jeremy Kerley
50%
DE (2) J.J. Watt
50%
WR Kendall Wright
50%
WR (8) Lee Evans
50%
TE (2) Lee Smith
50%
RB Matt Forte
50%
WR (5) Mike Evans
50%
TE (8) Mike Gesicki
50%
RB Myles Gaskin
50%
WR (2) Nate Washington
50%
TE (5) O.J. Howard
50%
WR (6) Preston Williams
50%
WR (3) Quincy Enunwa
50%
WR Roscoe Parrish
50%
TE Ryan Griffin
50%
TE (12) Scott Chandler
50%
TE Taylor Thompson
50%
WR (4) Terrell Owens
50%
WR T.J. Houshmandzadeh
50%
WR (2) Torry Holt
50%
TE (3) Adam Shaheen
0%
WR (2) Allen Hurns
0%
WR (2) Chris Henry
0%
WR Derek Hagan
0%
WR (2) Justin Hunter
0%
WR Kevin Curtis
0%
TE Luke Stocker
0%
WR (2) Michael Preston
0%
WR Naaman Roosevelt
0%
WR T.J. Graham
0%
No matching quizzes found
Score Distribution
Percent of People with Each Score
Percentile by Number Answered
Your Score History
You have not taken this quiz